00449nam a22001697a 450000500170000001000150001702000260003203500140005803700130007208200080008510000150009324500540010826000340016227000390019630000270023570000170026220170926142329.0 aENG-120728 a9788184304060c450.00 aEN-104260 bDBAD/PUB a920 aAnil Kumar aBharat Ratnas /bby Anil Kumar [and] Manish Kumar aNew Delhi bOcean Booksc2016 a4/19,Asaf Ali Road bDelhie110002 a302p.:c23cm(Hb)bill. aManish Kumar